000
00267nam a2200109Ia 4500
008
200302s9999 xx 000 0 und d
100
_a
James Strike
245
_a
Construction in to Design
260
_b
Butterworth Architecture Press
260
_c
1991
300
_a
227 P.,
999
_c
832
_d
832